| 000 | 00835nac a22002417a 4500 | ||
|---|---|---|---|
| 001 | BR8502412 | ||
| 003 | BR-BrBNA | ||
| 005 | 20240105120322.0 | ||
| 008 | 230509b bl.|||m| |||| 00| 0 por d | ||
| 040 |
_aBR-BrBNA _bpor _cBiblioteca Nacional de Agricultura |
||
| 072 | _aE10 | ||
| 090 | _aE10 BR8502412 | ||
| 110 | 1 |
_aCompanhia Brasileira de Alimentos, Brasilia, DF (Brasil) _92295 |
|
| 245 | 1 | _aAcompanhamento conjuntural [pecuaria bovina, Distrito Federal, Brasil] | |
| 260 | 3 |
_aBrasilia, DF (Brasil): _c1985. |
|
| 300 | _a149 p. | ||
| 490 |
_aAcompanhamento Conjuntural da Pecuaria Bovina - Companhia Brasileira de Alimentos (Brazil) _vv. 7(3) _xISSN 0100-6517 |
||
| 650 | _aALIMENTO | ||
| 650 | _aABASTECIMENTO | ||
| 650 | _aESTOQUE REGULADOR | ||
| 909 |
_a202312 _bLúcia Elande _c55 _dLúcia Elande |
||
| 942 |
_2AGRIS _n0 _cMS |
||
| 999 |
_c278855 _d278855 |
||